000 00729nam a2200217 a 4500
001 000035699
005 20240412074258.0
008 111108s2011 dr r 000 p spa d
020 _a9789945004977
040 _aDO-SdBNP
_bspa
_cBNPHU
082 _aRD861.44
_bM553r
100 1 _aMercedes, Frank,
_d1960-
_q(El Mello)
_961628
245 1 0 _aRaíces de una luz /
_cFrank Mercedes.
260 _aSan Francisco de Macorís, República Dominicana :
_bPrint Store,
_c2011.
300 _a54 p. ;
_c21 cm.
500 _aIncluye datos biográficos del autor en las solapas
590 _aInventariado, 2018/BT
650 0 _aPoesía dominicana
_966
650 0 _aLiteratura dominicana.
_967
910 _aValidado. Control de calidad. MFF
999 _c35190
_d35190